<?xml version="1.0" encoding="UTF-8"?>
<marc:record xmlns:marc="http://www.loc.gov/MARC21/slim">
   <marc:leader>00000nam a2200000 a 4500</marc:leader>
   <marc:datafield ind1="0" ind2="0" tag="245">
      <marc:subfield code="a">PAW Patrol : tapfere Helden, große Taten</marc:subfield>
   </marc:datafield>
   <marc:datafield ind1=" " ind2="1" tag="264">
      <marc:subfield code="a">[Hamburg]</marc:subfield>
      <marc:subfield code="b">Universal Pictures Germany GmbH</marc:subfield>
   </marc:datafield>
   <marc:datafield ind1="1" ind2=" " tag="490">
      <marc:subfield code="a">PAW Patrol</marc:subfield>
   </marc:datafield>
   <marc:datafield ind1="1" ind2=" " tag="520">
      <marc:subfield code="a">Erlebe mit der Paw Patrol sechs neue, heldenhafte Abenteuer auf vier Pfoten - zwei davon in Doppellänge: Für eine spektakuläre Unterwasserrettung verwandeln sich die Spürnasen in magische Meerfellfreunde und sie bewahren Adventure Bay vor einer Dinosaurierinvasion! Außerdem retten die süßen Vierbeiner Jake, die Adventure Bay Parade, ein Kätzchen und sogar Marshall!&#xD;
&#xD;
Episoden:&#xD;
01 Jake in der Klemme; &#xD;
02 Die Adventure Bay Parade; &#xD;
03 Die Meerfellfreunde; &#xD;
04 Paw Patrol Pause; &#xD;
05 Der blinde Passagier; &#xD;
06 Die Dinosaurier sind los;</marc:subfield>
   </marc:datafield>
   <marc:datafield ind1="3" ind2=" " tag="024">
      <marc:subfield code="a">5053083077884</marc:subfield>
   </marc:datafield>
   <marc:datafield ind1=" " ind2=" " tag="041">
      <marc:subfield code="a">ger</marc:subfield>
   </marc:datafield>
   <marc:datafield ind1="1" ind2=" " tag="521">
      <marc:subfield code="a">FSK ab 0 freigegeben</marc:subfield>
   </marc:datafield>
   <marc:datafield ind1="1" ind2=" " tag="521">
      <marc:subfield code="a">0</marc:subfield>
   </marc:datafield>
   <marc:datafield ind1=" " ind2=" " tag="338">
      <marc:subfield code="a">Videodisk</marc:subfield>
   </marc:datafield>
   <marc:datafield ind1=" " ind2=" " tag="300">
      <marc:subfield code="a">1 DVD-Video</marc:subfield>
   </marc:datafield>
</marc:record>
